000 00699nam a22002057a 4500
003 JO-AjAnu
005 20251015112941.0
008 251015b jo ||||| |||| 00| 0 ara d
020 _a978-9957-94-913-6
022 _a4573/10/2022
040 _aanu
_cJO-AjAnu
041 _hara
100 _aمحاسنة، رسمي
_eمؤلف
_961042
245 _aالسينما والحياة : نماذج من سينما عربية
_c / رسمي محاسنة
260 _aعمان :
_bوزارة الثقافة،
_c2022
300 _a118 صفحة
490 _v مكتبة الأسرة الأردنية القراءة للجميع ؛ 16
650 _vالسينما-الأفلام
942 _2lcc
_cBK
_n0
999 _c34095
_d34095